000
00277nam a2200097Ia 4500
008
230915s9999 xx 000 0 und d
050
_a
Z 696 .D7 .D49 1977
100
_a
WINSLADE,B.A.J
245
0
_a
INTRODUCTION OT DEWEY DECIMAL CLASSIFICATION FOR BRITISH SCHOOLS
942
_c
BK
999
_c
206795
_d
206795